<?xml version="1.0" encoding="UTF-8"?>
<collection xmlns="http://www.loc.gov/MARC21/slim">
 <record>
  <leader>01581nam a22002177a 4500</leader>
  <controlfield tag="001">NCT_4_013254</controlfield>
  <controlfield tag="008">241011b        xxu||||| |||| 00| 0 vie d</controlfield>
  <datafield tag="999" ind1=" " ind2=" ">
   <subfield code="c">8627</subfield>
   <subfield code="d">8627</subfield>
  </datafield>
  <datafield tag="020" ind1=" " ind2=" ">
   <subfield code="c">69000</subfield>
  </datafield>
  <datafield tag="082" ind1="0" ind2="4">
   <subfield code="2">23rd ed.</subfield>
   <subfield code="a">658.85</subfield>
   <subfield code="b">G536</subfield>
  </datafield>
  <datafield tag="100" ind1="1" ind2=" ">
   <subfield code="a">Gitomer, Jeffrey</subfield>
  </datafield>
  <datafield tag="245" ind1="1" ind2="0">
   <subfield code="a">12,5 bí quyết của người bán hàng xuất sắc</subfield>
   <subfield code="c">Jeffrey Gitomer ; Minh Hạnh, Bích Việt (Nhóm BKD) dịch</subfield>
  </datafield>
  <datafield tag="260" ind1=" " ind2=" ">
   <subfield code="a">H.</subfield>
   <subfield code="b">Lao động - Xã hội</subfield>
   <subfield code="c">2013</subfield>
  </datafield>
  <datafield tag="300" ind1=" " ind2=" ">
   <subfield code="a">271 tr..</subfield>
   <subfield code="c">21 cm</subfield>
  </datafield>
  <datafield tag="520" ind1="3" ind2=" ">
   <subfield code="a">Với 12,5 bí quyết bán hàng đỉnh cao, Bán hàng không phải ai cũng biết sẽ giúp người đọc hiểu rõ hơn về công việc bán hàng tưởng chừng như đơn giản. Trong một chừng mực nào đó, cuốn sách sẽ giúp người đọc trả lời những câu hỏi như: Đâu là sự khác biệt giữa một chuyên gia bán hàng và một nhân viên bán hàng a-ma-tơ? Nhân viên bán hàng cần những gì để duy trì thành công trong nghề?,... và vận dụng khéo léo các bí quyết bán hàng vào thực tiễn công việc.</subfield>
  </datafield>
  <datafield tag="653" ind1=" " ind2=" ">
   <subfield code="a">Quản trị kinh doanh</subfield>
  </datafield>
  <datafield tag="700" ind1=" " ind2=" ">
   <subfield code="a">Minh Hạnh (Nhóm BKD)</subfield>
   <subfield code="e">Dịch</subfield>
  </datafield>
  <datafield tag="700" ind1="0" ind2=" ">
   <subfield code="a">Bích Việt (Nhóm BKD)</subfield>
   <subfield code="e">Dịch</subfield>
  </datafield>
  <datafield tag="942" ind1=" " ind2=" ">
   <subfield code="2">ddc</subfield>
   <subfield code="c">BK</subfield>
  </datafield>
  <datafield tag="952" ind1=" " ind2=" ">
   <subfield code="0">0</subfield>
   <subfield code="1">0</subfield>
   <subfield code="2">ddc</subfield>
   <subfield code="4">0</subfield>
   <subfield code="6">658_850000000000000_G536</subfield>
   <subfield code="7">0</subfield>
   <subfield code="9">29550</subfield>
   <subfield code="a">000001</subfield>
   <subfield code="b">000001</subfield>
   <subfield code="d">2024-10-11</subfield>
   <subfield code="o">658.85 G536</subfield>
   <subfield code="p">MD.22801</subfield>
   <subfield code="r">2024-10-11</subfield>
   <subfield code="v">69000.00</subfield>
   <subfield code="w">2024-10-11</subfield>
   <subfield code="y">BK</subfield>
  </datafield>
  <datafield tag="980" ind1=" " ind2=" ">
   <subfield code="a">Thư viện Trường Đại học Nam Cần Thơ</subfield>
  </datafield>
 </record>
</collection>
